Die flächenmäßig größten Länder der EU – Whammies - Statistiken

Allgemein
  • Dieses Quiz wurde 13.883 mal gespielt
  • Das Durchschnittsergebnis liegt bei 10 aus 12
Antwortstatistiken
Fläche (km²) Land % Korrekt
357.386 Deutschland
100%
632.786 Frankreich
99%
504.030 Spanien
98%
312.685 Polen
94%
301.338 Italien
92%
449.964 Schweden
92%
338.424 Finnland
84%
238.391 Rumänien
76%
131.990 Griechenland
69%
110.994 Bulgarien
66%
92.212 Portugal
66%
93.030 Ungarn
64%
Keine übereinstimmenden Quizze gefunden
Verteilung der Resultate
Anzahl Personen mit jedem Resultat
Perzentil nach korrekt beantworteten Fragen
Ihre Resultats-Entwicklung
Sie haben dieses Quiz noch nicht gespielt